[Event "Cup European Club (final)"]
[Site "masterchessopen.com Kallithea (Greece)"]
[Date "2008.10.18"]
[Round "2"]
[White "Ochsner B"]
[Black "Raisanen Kim (FIN)"]
[Result "1-0"]
[WhiteElo "1974"]
[BlackElo "2164"]

1.e4 c5 2.Nf3 d6 3.d4 cxd4 4.Nxd4 Nf6 5.Nc3 Nc6 6.Bg5 e6 7.Qd2 Be7 8.O-O-O O-O
9.f4 Nxd4 10.Qxd4 Qa5 11.Kb1 h6 12.Bh4 e5 13.fxe5 dxe5 14.Qe3 Ng4 15.Qe1 Bxh4
16.Qxh4 Be6 17.Nd5 Rfd8 18.Bc4 Bxd5 19.Bxd5 Nf6 20.c4 Rab8 21.Rhf1 Qa6 22.Rf2
Rbc8 23.b3 Nxd5 24.exd5 b5 25.c5 Qa3 26.Rc2 f6 27.c6 a5 28.Qg4 Qd6 29.Qe4 Kf7
30.g4 Rf8 31.h4 Kg8 32.Qf5 Rfd8 33.Rdd2 Kf7 34.g5 g6 35.Qxf6+ Qxf6 36.gxf6
Kxf6 37.Rf2+ Ke7 38.Rc5 a4 39.Rxb5 a3 40.Rc5 Rf8 41.Rxf8 Rxf8 42.b4 Rb8 43.Kc2
Kd6 44.Rc3 Kxd5 45.c7 Rc8 46.b5 {#r} 1-0

[Event "Cup Russia (w) (final)"]
[Site "masterchessopen.com Serpukhov (Russia)"]
[Date "2008.11.08"]
[Round "2"]
[White "Shlakich Anna (RUS)"]
[Black "Kovalevskaya Ekaterina (RUS)"]
[Result "0-1"]
[WhiteElo "2203"]
[BlackElo "2439"]

1.e4 c5 2.Nf3 Nc6 3.d4 cxd4 4.Nxd4 Nf6 5.Nc3 d6 6.Bg5 e6 7.Qd2 Be7 8.O-O-O O-O
9.f4 Nxd4 10.Qxd4 Qa5 11.Kb1 h6 12.h4 e5 13.Qe3 exf4 14.Bxf4 Be6 15.Be2 Rac8
16.Bf3 Rxc3 17.Qxc3 Qxa2+ 18.Kc1 Rc8 19.Qa3 Qc4 20.Rd2 Nxe4 21.Bxe4 Qxe4
22.Bg3 Rc6 23.Re1 Qc4 24.Qd3 Ra6 25.Rde2 Qb4 26.Qc3 Qxc3 27.bxc3 Bf6 28.Kd2
Rc6 29.Re3 Rc4 30.Rb1 b6 31.Ra1 a5 32.Rb1 Rc6 33.Rd3 a4 34.Bxd6 Bxh4 35.Bb4
Bg5+ 36.Ke1 Bc4 37.Rd4 Re6+ {#R} 0-1

[Event "It \"]
[Site "masterchessopen.com Las Vegas (USA)"]
[Date "2008.12.26"]
[Round "1"]
[White "Mackinnon Keith (CAN)"]
[Black "Kacheishvili Giorgi (GEO)"]
[Result "0-1"]
[WhiteElo "2076"]
[BlackElo "2572"]

1.e4 c5 2.Nf3 d6 3.d4 cxd4 4.Nxd4 Nf6 5.Nc3 Nc6 6.Bg5 e6 7.Qd2 Be7 8.O-O-O O-O
9.f4 Nxd4 10.Qxd4 Qa5 11.Bc4 Bd7 12.Rhe1 Rad8 13.Bb3 Rfe8 14.Kb1 h6 15.Bh4
Nxe4 16.Bxe7 Nxc3+ 17.Qxc3 Qxc3 18.bxc3 Rxe7 19.Rxd6 Kf8 20.Red1 Ke8 21.c4 Rc8
22.Rxd7 Rxd7 23.Ba4 Rc7 24.Rd3 Ke7 25.Bxd7 Rxd7 26.Kc1 Rc7 27.Rb3 b6 28.Ra3
Kf6 29.Kd2 Rxc4 30.Rxa7 Rxf4 31.Ke3 g5 32.a4 h5 33.Ra6 Rb4 34.Kd3 Kf5 35.a5
bxa5 36.Rxa5+ e5 37.c4 Rb1 38.Ra4 Rc1 39.Ra7 f6 40.Ra6 h4 41.Ra8 Kf4 42.Ra2
e4+ 43.Kd4 Rd1+ {#R} 0-1

[Event "Ch Mediterranean"]
[Site "masterchessopen.com Antalya (Turkey)"]
[Date "2009.01.12"]
[Round "3"]
[White "Emiroglu Cankut (TUR)"]
[Black "El Gindy Essam (EGY)"]
[Result "0-1"]
[WhiteElo "2034"]
[BlackElo "2499"]

1.e4 c5 2.Nf3 Nc6 3.d4 cxd4 4.Nxd4 Nf6 5.Nc3 d6 6.Bg5 e6 7.Qd2 Be7 8.O-O-O O-O
9.f4 Nxd4 10.Qxd4 Qc7 11.Kb1 Rd8 12.Qc4 Qxc4 13.Bxc4 Kf8 14.Rhe1 h6 15.Bh4 g5
16.fxg5 Ng4 17.Bg3 hxg5 18.Nb5 e5 19.h3 Nf6 20.h4 Nh5 21.Bf2 Bg4 22.Rd2 Rac8
23.Bd5 a6 24.Nc3 gxh4 25.Bxb7 Rxc3 26.Bxa6 Rb8 27.a4 Nf4 28.Ba7 Rb4 29.a5 Ra3
30.c3 Rxc3 31.Bf1 Ra3 32.Bb6 d5 33.Kc2 Ra2 34.Kb1 Rba4 35.Bb5 Ra1+ 36.Kc2 Rxa5
37.Rxa1 Rxa1 {#R} 0-1

[Event "Bundesliga B West 2008/09"]
[Site "masterchessopen.com Austria"]
[Date "2009.01.18"]
[Round "8"]
[White "Klocker Benedikt (AUT)"]
[Black "Danner Georg (AUT)"]
[Result "0-1"]
[WhiteElo "2143"]
[BlackElo "2450"]

1.e4 c5 2.Nf3 Nc6 3.d4 cxd4 4.Nxd4 Nf6 5.Nc3 d6 6.Bg5 e6 7.Qd2 Be7 8.O-O-O
Nxd4 9.Qxd4 O-O 10.f4 Qa5 11.Bc4 h6 12.h4 Rd8 13.Qg1 Bd7 14.Qe1 Kf8 15.Bxf6
Bxf6 16.Rxd6 Qc5 17.e5 Qxc4 18.exf6 Qxf4+ 19.Rd2 Bc6 20.Rf1 Qxd2+ 21.Qxd2 Rxd2
22.Kxd2 gxf6 23.Rxf6 Ke7 24.Rxh6 Rg8 25.Ne2 Rxg2 26.Ke3 e5 27.c4 f5 28.Nc3 f4+
29.Kd3 Rg3+ 30.Kd2 e4 31.Nd5+ Bxd5 32.cxd5 Rd3+ 33.Ke2 Rxd5 34.Rh7+ Kf6
35.Rxb7 Rh5 36.Rb4 Kf5 37.Rb8 Rxh4 38.Rf8+ Kg6 39.Rg8+ Kf7 40.Rb8 Rh2+ 41.Ke1
Ke6 42.Rb4 e3 {#R} 0-1

[Event "Turkish League"]
[Site "masterchessopen.com Turkey"]
[Date "2009.02.05"]
[Round "0"]
[White "Papadopoulos I (GRE)"]
[Black "Yuksel Atilla Koksal (TUR)"]
[Result "1-0"]
[WhiteElo "2444"]
[BlackElo "1961"]

1.e4 c5 2.Nf3 Nc6 3.d4 cxd4 4.Nxd4 Nf6 5.Nc3 d6 6.Bg5 e6 7.Qd2 Be7 8.O-O-O O-O
9.f4 Nxd4 10.Qxd4 Qa5 11.e5 dxe5 12.Qxe5 Qxe5 13.fxe5 Nd5 14.Bxe7 Nxe7 15.Bd3
b6 16.Be4 Rb8 17.Rhe1 Bb7 18.Rd7 Bxe4 19.Rxe4 Nc6 20.Ne2 Rfd8 21.Rc7 Rbc8
22.Rxc8 Rxc8 23.Nf4 Rd8 24.Nd3 Rd4 25.Rxd4 Nxd4 26.Kd2 f6 27.c4 Kf7 28.Kc3 Nc6
29.exf6 gxf6 30.b4 e5 31.a4 Ke6 32.b5 Ne7 33.c5 bxc5 34.Kc4 e4 35.Nxc5+ Ke5
36.a5 Nd5 37.Na4 f5 38.b6 axb6 39.axb6 Nxb6+ 40.Nxb6 f4 41.Nd7+ Kf5 42.Kd4 f3
43.gxf3 exf3 44.Ke3 Kg4 45.Ne5+ Kh3 46.Nxf3 Kg2 47.Kf4 h5 48.h4 {#r} 1-0

[Event "It (cat.4)"]
[Site "masterchessopen.com Orsay (France)"]
[Date "2009.02.20"]
[Round "7"]
[White "Moussard Jules (FRA)"]
[Black "Rosenthal Jonathan (SUI)"]
[Result "0-1"]
[WhiteElo "2292"]
[BlackElo "2262"]

1.e4 c5 2.Nf3 d6 3.d4 cxd4 4.Nxd4 Nf6 5.Nc3 Nc6 6.Bg5 e6 7.Qd2 Be7 8.O-O-O
Nxd4 9.Qxd4 O-O 10.f4 Qa5 11.Bc4 Bd7 12.e5 dxe5 13.fxe5 Bc6 14.Bd2 Nd7 15.Nd5
Qd8 16.Nxe7+ Qxe7 17.Rhe1 Rfd8 18.Qg4 Nf8 19.h4 Qc5 20.Bg5 Rxd1+ 21.Kxd1 Ng6
22.Qe2 h6 23.Bd2 Nxh4 24.Bd3 Bxg2 25.Kc1 Bf3 26.Qh2 Nf5 27.Qh3 Qc6 28.Rg1 Be4
29.Bxe4 Qxe4 30.Bxh6 Rc8 31.c3 Nxh6 32.Qxh6 Qxe5 33.Qd2 Qf6 34.Qd7 Qf4+ 35.Kb1
Qe4+ 36.Ka1 Rf8 37.Qe7 g6 38.Qf6 Qf5 39.Qd4 e5 40.Qxa7 e4 41.Qd4 Qf3 42.Qd5
Kg7 43.Qe5+ f6 44.Qh2 e3 45.Rh1 Qh5 46.Qg2 e2 47.Qxb7+ Rf7 48.Qe4 Qxh1+
49.Qxh1 Rd7 {#R} 0-1

[Event "Ch Europe (w)"]
[Site "masterchessopen.com St. Petersburg (Russia)"]
[Date "2009.03.14"]
[Round "7"]
[White "Martynova Anastasia (RUS)"]
[Black "Sokolova Vera (RUS)"]
[Result "0-1"]
[WhiteElo "1903"]
[BlackElo "2088"]

1.e4 c5 2.Nf3 Nc6 3.d4 cxd4 4.Nxd4 Nf6 5.Nc3 d6 6.Bg5 e6 7.Qd2 Be7 8.O-O-O O-O
9.f4 Nxd4 10.Qxd4 Qa5 11.Bc4 Bd7 12.e5 dxe5 13.fxe5 Bc6 14.Bd2 Nd7 15.Nd5 Qd8
16.Nxe7+ Qxe7 17.Rhe1 a5 18.Qg4 Kh8 19.Bd3 Nc5 20.Bg5 Nxd3+ 21.Rxd3 Qb4
22.Qxb4 axb4 23.Be7 Rfc8 24.Bxb4 Bxg2 25.a3 Rc4 26.Rd7 Kg8 27.Re2 Bc6 28.Rd6
Rf4 29.b3 h5 30.c4 Kh7 31.Kb2 g5 32.Bd2 Rf5 33.b4 g4 34.b5 Bf3 35.Re1 Rc8
36.Kb3 h4 37.Rd3 Kg6 38.Rg1 Be2 39.Re3 Rf2 40.Rxe2 Rxe2 41.Rxg4+ Kf5 42.Rg5+
Ke4 43.Bc3 Rxh2 44.Rg7 Rf2 45.Rh7 Rf4 46.a4 Kd3 47.Be1 Rcxc4 48.a5 Rc1 49.Rxh4
Rb1+ 50.Ka2 Rxh4 {#R} 0-1

[Event "Ch France (team) (nat.1) 2008/09"]
[Site "masterchessopen.com France"]
[Date "2009.03.15"]
[Round "9"]
[White "Crouan Stephane (FRA)"]
[Black "Inkiov Ventzislav (BUL)"]
[Result "1-0"]
[WhiteElo "2234"]
[BlackElo "2473"]

1.e4 c5 2.Nf3 d6 3.d4 cxd4 4.Nxd4 Nf6 5.Nc3 Nc6 6.Bg5 e6 7.Qd2 Be7 8.O-O-O O-O
9.f4 Nxd4 10.Qxd4 Qa5 11.Be2 h6 12.Bh4 e5 13.fxe5 dxe5 14.Qc4 Be6 15.Nd5 Bxd5
16.exd5 Rfd8 17.d6 Rxd6 18.Rxd6 Bxd6 19.Bxf6 gxf6 20.Qg4+ Kf8 21.Bc4 Qc5
22.Bb3 Qe3+ 23.Kb1 Rd8 24.Qc4 Rd7 25.Qc8+ Ke7 26.Bxf7 Rd8 27.Qe6+ Kf8 28.Bg6
{#r} 1-0

[Event "It (cat.7)"]
[Site "masterchessopen.com Budapest (Hungary)"]
[Date "2009.04.09"]
[Round "6"]
[White "Gara Anita (HUN)"]
[Black "Muir Andrew J (SCO)"]
[Result "1-0"]
[WhiteElo "2353"]
[BlackElo "2327"]

1.e4 c5 2.Nf3 Nc6 3.d4 cxd4 4.Nxd4 Nf6 5.Nc3 d6 6.Bg5 e6 7.Qd2 Be7 8.O-O-O O-O
9.f4 Nxd4 10.Qxd4 Qa5 11.e5 dxe5 12.Qxe5 b5 13.Bxb5 h6 14.Bc6 Qb6 15.Bxa8 hxg5
16.fxg5 Ng4 17.Qb5 Qxb5 18.Nxb5 Bxg5+ 19.Kb1 Ba6 20.Nc7 Nf2 21.Nxa6 Rxa8
22.Rhe1 Nxd1 23.Rxd1 e5 24.c4 Rc8 25.b3 e4 26.Nb4 f5 27.g3 Kf7 28.Nd5 Rh8
29.h4 Bf6 30.Nf4 Be5 31.Rd5 Re8 32.Kc2 Kf6 33.Ne2 g5 34.hxg5+ Kxg5 35.Kd2 Kf6
36.Ke3 Rh8 37.Ra5 Rh3 38.Ra6+ Kg5 39.Rxa7 Bxg3 40.Rg7+ Kh4 41.Rh7+ Kg4 42.Rxh3
Kxh3 43.c5 Kg4 44.b4 Bc7 45.b5 Ba5 46.Nd4 Kg5 47.b6 Kf6 48.Nb5 Be1 49.b7 Bg3
50.Nd6 {#r} 1-0

[Event "Cup Doeberl"]
[Site "masterchessopen.com Canberra (Australia)"]
[Date "2009.04.09"]
[Round "1"]
[White "Wallis Christopher (AUS)"]
[Black "Kordahi Nicholas (AUS)"]
[Result "1-0"]
[WhiteElo "2246"]
[BlackElo "1876"]

1.e4 c5 2.Nf3 Nc6 3.d4 cxd4 4.Nxd4 Nf6 5.Nc3 d6 6.Bg5 e6 7.Qd2 Be7 8.O-O-O O-O
9.f4 Nxd4 10.Qxd4 Qa5 11.Kb1 Rd8 12.Be2 e5 13.Qd2 Qc5 14.f5 Bd7 15.g4 Bc6
16.Be3 Qa5 17.Bf3 Qc7 18.g5 Ne8 19.g6 fxg6 20.fxg6 Nf6 21.gxh7+ Kh8 22.Rhg1
Bf8 23.Bg5 Qf7 24.Rdf1 Be7 25.Qe2 Rab8 26.Bh5 Qxh5 27.Bxf6 Qxe2 28.Bxg7+ Kxh7
29.Nxe2 Bxe4 30.Rf7 Bg6 31.Rxe7 Re8 32.Bf6+ Rxe7 33.Bxe7 Rc8 34.Nc3 Rc6 35.Rd1
d5 36.Rxd5 Re6 37.Bg5 e4 38.Rd7+ Kg8 39.Nd5 Re5 40.Nf6+ Kf8 {#r} 1-0

[Event "Ch Russia (juniors) (under 18) (g)"]
[Site "masterchessopen.com Dagomys (Russia)"]
[Date "2009.04.22"]
[Round "8"]
[White "Dogodkina Julia (RUS)"]
[Black "Rassokhina Ekaterina (RUS)"]
[Result "0-1"]
[WhiteElo "2038"]
[BlackElo "2116"]

1.e4 c5 2.Nf3 Nc6 3.d4 cxd4 4.Nxd4 Nf6 5.Nc3 d6 6.Bg5 e6 7.Qd2 Be7 8.O-O-O
Nxd4 9.Qxd4 O-O 10.f4 Qa5 11.Be2 Bd7 12.e5 dxe5 13.fxe5 Bc6 14.h4 Bc5 15.Qf4
Nd5 16.Rxd5 exd5 17.Bf6 Qb6 18.Rh3 Rfe8 19.Rg3 g6 20.h5 Bf8 21.Bd3 Qb4 22.Qg5
h6 23.Qd2 d4 24.Ne2 Qxd2+ 25.Kxd2 g5 26.Nxd4 Bd7 27.Nf3 Bg7 28.Bc4 Bxf6
29.exf6 Be6 30.Ne5 Bxc4 31.Nxc4 Rad8+ 32.Kc3 Re6 33.Rf3 Rd5 34.a4 Kf8 35.Ne3
Rc6+ 36.Kb3 Rd2 37.Rf5 Re2 38.Ng4 Rxg2 39.Nxh6 Rcxc2 40.Rd5 Rcd2 41.Re5 Rxb2+
42.Ka3 Rb6 43.Rf5 Rg3+ 44.Ka2 Re6 45.Rf2 Rge3 46.Rf5 R3e5 47.Rf1 Re1 48.Rf5
R6e5 {#R} 0-1

[Event "Ch Netherlands (juniors) (under 21)"]
[Site "masterchessopen.com Venlo (Netherlands)"]
[Date "2009.04.28"]
[Round "5"]
[White "Burg Twan (NED)"]
[Black "Van Kampen Robin (NED)"]
[Result "1-0"]
[WhiteElo "2422"]
[BlackElo "2383"]

1.e4 c5 2.Nf3 d6 3.d4 cxd4 4.Nxd4 Nf6 5.Nc3 Nc6 6.Bg5 e6 7.Qd2 Be7 8.O-O-O O-O
9.f4 Nxd4 10.Qxd4 Qa5 11.Bc4 Bd7 12.e5 dxe5 13.fxe5 Bc6 14.Bd2 Nd7 15.Nd5 Qd8
16.Nxe7+ Qxe7 17.Rhe1 Nb6 18.Bf1 Rfd8 19.Qg4 Rac8 20.Kb1 Qc5 21.Bd3 Rd4 22.Qh3
g6 23.Be3 Rxd3 24.Rxd3 Qxe5 25.Qh4 Nd5 26.Bh6 Qf6 27.Bg5 Qg7 28.c4 Nb6 29.Red1
Qe5 30.Bf6 Qf5 31.g4 Qf4 32.Rd8+ Be8 33.Bc3 g5 34.Qh6 e5 35.Bb4 {#r} 1-0

[Event "It (open)"]
[Site "masterchessopen.com Dubai (United Arab Emirates)"]
[Date "2009.04.29"]
[Round "4"]
[White "Grower Sahaj (IND)"]
[Black "Perunovic Milos (SRB)"]
[Result "1-0"]
[WhiteElo "2310"]
[BlackElo "2572"]

1.e4 c5 2.Nf3 d6 3.d4 cxd4 4.Nxd4 Nf6 5.Nc3 Nc6 6.Bg5 e6 7.Qd2 Be7 8.O-O-O
Nxd4 9.Qxd4 O-O 10.f4 Qa5 11.Bc4 b5 12.Bxb5 Rb8 13.e5 dxe5 14.fxe5 Rxb5
15.exf6 Rb4 16.Qe3 Bc5 17.Qg3 Bf2 18.Qxf2 Qxg5+ 19.Rd2 Rd8 20.Nb1 gxf6 21.Re1
Bb7 22.Re3 Rxd2 23.Nxd2 Rf4 24.Qe2 Qf5 25.Nf3 e5 26.b3 a5 27.a4 Rb4 28.Nd2 Rg4
29.g3 Rd4 30.Rc3 Kg7 31.Qe3 Qh3 32.Qe2 Bc8 33.Kb2 Bg4 34.Qf2 Qh6 35.Nc4 Be6
36.Ne3 Qg6 37.Rc5 Re4 38.Rxa5 f5 39.Nd5 f4 40.Nc3 fxg3 41.hxg3 Rg4 42.Rxe5
Rxg3 43.Qd4 Kh6 44.Re1 Bf5 45.Rh1+ {#r} 1-0

[Event "Memorial Cel PM Francisco Alves"]
[Site "masterchessopen.com Fortaleza (Brazil)"]
[Date "2009.05.01"]
[Round "1"]
[White "Palacio Igor Da Paz (BRA)"]
[Black "Nunes Moezio Correia"]
[Result "1-0"]
[WhiteElo "2118"]
[BlackElo "1828"]

1.e4 c5 2.Nf3 d6 3.d4 cxd4 4.Nxd4 Nc6 5.Nc3 Nf6 6.Bg5 e6 7.Qd2 Be7 8.f4 O-O
9.O-O-O Nxd4 10.Qxd4 Qb6 11.Qxb6 axb6 12.a3 Re8 13.Bb5 Rd8 14.e5 dxe5 15.fxe5
{#r} 1-0

[Event "Balkaniada (juniors) (team)"]
[Site "masterchessopen.com Florina (Greece)"]
[Date "2009.05.06"]
[Round "1"]
[White "Pavlidis Antonios (GRE)"]
[Black "Pecurica Milos (MNE)"]
[Result "1-0"]
[WhiteElo "2360"]
[BlackElo "2010"]

1.e4 c5 2.Nf3 d6 3.d4 cxd4 4.Nxd4 Nf6 5.Nc3 Nc6 6.Bg5 e6 7.Qd2 Be7 8.O-O-O
Nxd4 9.Qxd4 O-O 10.f4 Qa5 11.Bc4 Bd7 12.e5 dxe5 13.fxe5 Bc6 14.Bd2 Nd7 15.Nd5
Qc5 16.Nxe7+ Qxe7 17.Rhe1 Nb6 18.Bf1 Rfc8 19.Kb1 Nd5 20.c4 Nc7 21.Qg4 b5
22.Bg5 Qb4 23.a3 Qa4 24.Rd3 bxc4 25.Rh3 c3 26.Qh5 Be4+ 27.Rxe4 Qxe4+ 28.Bd3
Qe1+ 29.Ka2 h6 30.Bxh6 Rab8 31.Bc1 Kf8 32.Rf3 f5 33.exf6 Qd1 34.Qh8+ {#r} 1-0

[Event "Ch Greece (team)"]
[Site "masterchessopen.com Kallithea (Greece)"]
[Date "2009.07.05"]
[Round "4"]
[White "Papadopoulos I (GRE)"]
[Black "Lekic Dusan (MNE)"]
[Result "1-0"]
[WhiteElo "2444"]
[BlackElo "2394"]

1.e4 c5 2.Nf3 d6 3.d4 cxd4 4.Nxd4 Nf6 5.Nc3 Nc6 6.Bg5 e6 7.Qd2 Be7 8.O-O-O
Nxd4 9.Qxd4 O-O 10.f4 Qa5 11.e5 dxe5 12.Qxe5 Qxe5 13.fxe5 Nd5 14.Bxe7 Nxe7
15.Bd3 b6 16.Be4 Rb8 17.Rhe1 Bb7 18.Rd7 Bxe4 19.Rxe4 Nc6 20.Ne2 Rfd8 21.Rc7
Rbc8 22.Rxc8 Rxc8 23.Nf4 Kf8 24.Nd3 Ke7 25.Kd2 f5 26.exf6+ Kxf6 27.c4 g5 28.b4
h5 29.b5 Ne7 30.c5 bxc5 31.Rc4 Nd5 32.Rxc5 Rd8 33.Ke2 e5 34.Rc4 Kf5 35.g3 e4
36.Nf2 Re8 37.a4 e3 38.Nd1 Re4 39.Rc5 Ke6 40.Rxd5 Kxd5 41.Nc3+ Kd4 42.Nxe4
Kxe4 43.a5 Kd5 44.b6 axb6 45.axb6 Kc6 46.Kxe3 {#r} 1-0

[Event "It (open)"]
[Site "masterchessopen.com Leiden (Netherlands)"]
[Date "2009.07.11"]
[Round "2"]
[White "Soumya Swaminathan (IND)"]
[Black "Sanikidze Tornike (GEO)"]
[Result "0-1"]
[WhiteElo "2309"]
[BlackElo "2559"]

1.e4 c5 2.Nf3 d6 3.d4 cxd4 4.Nxd4 Nf6 5.Nc3 Nc6 6.Bg5 e6 7.Qd2 Be7 8.O-O-O
Nxd4 9.Qxd4 O-O 10.f4 Qa5 11.Bc4 Bd7 12.e5 dxe5 13.fxe5 Bc6 14.Bd2 Nd7 15.Nd5
Qd8 16.Nxe7+ Qxe7 17.Rhe1 Nb6 18.Bf1 Rfd8 19.Qg4 Qc5 20.Qb4 Qf2 21.Qf4 Qxf4
22.Bxf4 Rxd1+ 23.Rxd1 Nd5 24.Bd2 b5 25.c3 f6 26.Re1 f5 27.b3 Kf7 28.g3 h6
29.a4 a6 30.a5 g5 31.c4 bxc4 32.bxc4 Ne7 33.Kc2 Rb8 34.Bc3 Be4+ 35.Bd3 Bxd3+
36.Kxd3 Kg6 37.Kc2 f4 38.gxf4 gxf4 39.Rg1+ Kf5 40.Rg7 Nc6 41.Rc7 Nb4+ 42.Kd2
Rd8+ 43.Ke2 Nd3 44.Kf3 Nxe5+ 45.Bxe5 Rd3+ 46.Kf2 Kxe5 47.Rc6 Rd6 48.Rc8 Ke4
49.Ke1 {#R} 0-1

[Event "It (open)"]
[Site "masterchessopen.com Oberwart (Austria)"]
[Date "2009.07.16"]
[Round "6"]
[White "Magyar Andras (HUN)"]
[Black "Danner Georg (AUT)"]
[Result "1-0"]
[WhiteElo "2262"]
[BlackElo "2450"]

1.e4 c5 2.Nf3 Nc6 3.d4 cxd4 4.Nxd4 Nf6 5.Nc3 d6 6.Bg5 e6 7.Qd2 Be7 8.O-O-O
Nxd4 9.Qxd4 O-O 10.f4 Qa5 11.Kb1 h6 12.h4 Rd8 13.Bd3 Bd7 14.e5 hxg5 15.hxg5
dxe5 16.fxe5 Qb4 17.gxf6 gxf6 18.Qxb4 Bxb4 19.exf6 Bc6 20.Rh4 Bxc3 21.bxc3
{#r} 1-0

[Event "It (open)"]
[Site "masterchessopen.com Gdansk (Poland)"]
[Date "2009.07.20"]
[Round "3"]
[White "Bieluszewski Piotr (POL)"]
[Black "Sharapov Evgeny (UKR)"]
[Result "0-1"]
[WhiteElo "2162"]
[BlackElo "2509"]

1.e4 c5 2.Nf3 d6 3.d4 cxd4 4.Nxd4 Nf6 5.Nc3 Nc6 6.Bg5 e6 7.Qd2 Be7 8.O-O-O O-O
9.f4 Nxd4 10.Qxd4 Qa5 11.Bc4 Bd7 12.Bxf6 Bxf6 13.e5 Be7 14.Bb3 Rac8 15.Rd3
Rfd8 16.Rg3 Qc5 17.Rd1 Qxd4 18.Rxd4 Bc6 19.exd6 Rxd6 20.Rxd6 Bxd6 21.Ne2 Bb5
22.c4 Ba6 23.Rd3 Bb4 24.Kd1 Kf8 25.g3 Ke7 26.Rd4 Bc5 27.Rd3 Bb4 28.Rd4 Ba5
29.g4 h5 30.g5 b5 31.cxb5 Bxb5 32.a4 Ba6 33.h4 Bb6 34.Rd2 Be3 35.Rc2 Rb8
36.Ba2 Rb4 37.g6 fxg6 {#R} 0-1

[Event "It (open)"]
[Site "masterchessopen.com Pardubice (Czech Republic)"]
[Date "2009.07.29"]
[Round "6"]
[White "Jens Jelmer (NED)"]
[Black "Gutman Gennadi (UKR)"]
[Result "1-0"]
[WhiteElo "2356"]
[BlackElo "2508"]

1.e4 c5 2.Nf3 d6 3.d4 cxd4 4.Nxd4 Nf6 5.Nc3 Nc6 6.Bg5 e6 7.Qd2 Be7 8.O-O-O
Nxd4 9.Qxd4 O-O 10.f4 Qa5 11.Kb1 h6 12.h4 Rd8 13.Be2 Bd7 14.Qe3 Rac8 15.Rd3
Bc6 16.Bf3 Qc5 17.Qd2 b5 18.g4 b4 19.Bxf6 Bxf6 20.Ne2 Ba4 21.c4 g6 22.g5 hxg5
23.hxg5 Bg7 24.e5 Bc6 25.Bxc6 Qxc6 26.Rc1 Bf8 27.c5 d5 28.Nd4 Qb7 29.Rh3 Qa6
30.c6 Qb6 31.Rch1 Bg7 32.Rh7 Kf8 33.Nb3 Qxc6 34.Qxb4+ Kg8 35.Qe7 Qc2+ 36.Ka1
Qf5 37.Nd4 Qxf4 38.Rxg7+ {#r} 1-0

[Event "Cup Mercosur (cat.2)"]
[Site "masterchessopen.com Villa Martelli (Argentina)"]
[Date "2009.08.13"]
[Round "9"]
[White "Espinoza Palomino Willyam (PER)"]
[Black "Guerrero Alvaro (URU)"]
[Result "1-0"]
[WhiteElo "2272"]
[BlackElo "2257"]

1.e4 c5 2.Nf3 Nc6 3.d4 cxd4 4.Nxd4 Nf6 5.Nc3 d6 6.Bg5 e6 7.Qd2 Be7 8.O-O-O
Nxd4 9.Qxd4 O-O 10.f4 Qa5 11.Bc4 Bd7 12.e5 dxe5 13.fxe5 Bc6 14.Bd2 Nd7 15.Nd5
Qd8 16.Nxe7+ Qxe7 17.Rhe1 Rfd8 18.Qg4 Nf8 19.Bd3 Qc7 20.Bb4 Rac8 21.Bd6 Qa5
22.Kb1 b5 23.Re3 Bd5 24.a3 Ng6 25.Rh3 Qa4 26.Qh5 h6 27.Rg3 Be4 28.b3 Qd4
29.Qg4 Rxd6 30.exd6 f5 31.Qxg6 Kf8 32.Qxe6 Re8 33.Qxe8+ Kxe8 34.Bxb5+ {#r} 1-0

[Event "It (open)"]
[Site "masterchessopen.com Graz (Austria)"]
[Date "2009.08.30"]
[Round "2"]
[White "Kreisl Robert (AUT)"]
[Black "Mihevc Ivo (SLO)"]
[Result "1-0"]
[WhiteElo "2422"]
[BlackElo "2207"]

1.e4 c5 2.Nf3 Nc6 3.d4 cxd4 4.Nxd4 Nf6 5.Nc3 d6 6.Bg5 e6 7.Qd2 Be7 8.O-O-O O-O
9.f4 Nxd4 10.Qxd4 Qa5 11.e5 dxe5 12.Qxe5 Qxe5 13.fxe5 Nd5 14.Bxe7 Nxe7 15.Bd3
b6 16.Be4 Rb8 17.Rhe1 Ng6 18.Bxg6 hxg6 19.g3 Rb7 20.Re4 Bd7 21.Rd6 Rc7 22.Red4
Bc6 23.b4 Rfc8 24.Rd8+ Rxd8 25.Rxd8+ Kh7 26.Kb2 g5 27.Ne2 Rd7 28.Rxd7 Bxd7
29.c4 f6 30.Nd4 Kg6 31.c5 bxc5 32.bxc5 a6 33.c6 Bc8 34.c7 Bb7 35.Nxe6 fxe5
36.Nd8 Bc8 37.Nc6 Kh5 38.Nxe5 {#r} 1-0

[Event "Ch Serbia (team)"]
[Site "masterchessopen.com Kragujevac (Serbia)"]
[Date "2009.09.03"]
[Round "3"]
[White "Sarenac Ivan (SRB)"]
[Black "Mihalj M Miroslav (SRB)"]
[Result "1-0"]
[WhiteElo "2341"]
[BlackElo "2297"]

1.e4 c5 2.Nf3 Nc6 3.d4 cxd4 4.Nxd4 Nf6 5.Nc3 d6 6.Bg5 e6 7.Qd2 Be7 8.O-O-O
Nxd4 9.Qxd4 O-O 10.f4 Qa5 11.Bc4 b5 12.Bxb5 Rb8 13.Bc4 h6 14.Bh4 e5 15.Qd3
exf4 16.Bb3 Be6 17.Kb1 Rfc8 18.Rhf1 Qh5 19.Bf2 a5 20.Bd4 Nd7 21.Nd5 Bxd5
22.Bxd5 Bf6 23.Rxf4 Ne5 24.Qf1 Rc7 25.h3 Rb4 26.c3 Rb8 27.g4 Qh4 28.Bf2 Qg5
29.Rf5 Qg6 30.Bd4 a4 31.Qa6 Nxg4 32.Bxf6 Rbc8 33.Rg1 Qxf5 34.exf5 {#r} 1-0

[Event "Memorial L.Rudenko (w)"]
[Site "masterchessopen.com St. Petersburg (Russia)"]
[Date "2009.09.03"]
[Round "9"]
[White "Belenkaya Dina (RUS)"]
[Black "Martynova Anastasia (RUS)"]
[Result "1-0"]
[WhiteElo "2028"]
[BlackElo "1903"]

1.e4 c5 2.Nf3 Nc6 3.d4 cxd4 4.Nxd4 Nf6 5.Nc3 d6 6.Bg5 e6 7.Qd2 Be7 8.O-O-O O-O
9.f4 Nxd4 10.Qxd4 Qa5 11.Be2 b6 12.e5 dxe5 13.fxe5 Bc5 14.Qh4 Nd5 15.Nxd5 exd5
16.Bd3 g6 17.Kb1 Qb4 18.Qxb4 Bxb4 19.c3 Bc5 20.b4 f6 21.Bh6 fxe5 22.bxc5 Rf6
23.Rhf1 Rxf1 24.Rxf1 Be6 25.Rf6 Bf7 26.c6 a6 27.c7 b5 28.Rxa6 Rc8 29.Rd6 {#r}
1-0

[Event "It (cat.7) \"]
[Site "masterchessopen.com Evpatoria (Ukraine)"]
[Date "2009.10.17"]
[Round "6"]
[White "Sharapov Evgeny (UKR)"]
[Black "Petukhov Dmitry (RUS)"]
[Result "1-0"]
[WhiteElo "2509"]
[BlackElo "2391"]

1.e4 c5 2.Nf3 d6 3.d4 cxd4 4.Nxd4 Nf6 5.Nc3 Nc6 6.Bg5 e6 7.Qd2 Be7 8.O-O-O O-O
9.f4 Nxd4 10.Qxd4 Qa5 11.Bc4 Bd7 12.e5 dxe5 13.fxe5 Bc6 14.Bd2 Nd7 15.Nd5 Qd8
16.Nxe7+ Qxe7 17.Rhe1 Rfd8 18.Qg4 Nf8 19.Bd3 Rxd3 20.cxd3 Qd7 21.Bb4 Ng6
22.Bd6 f5 23.Qe2 Nh8 24.Kb1 Nf7 25.g3 Bd5 26.Ba3 Qa4 27.Rc1 b5 28.Qc2 Qa6
29.Qc5 b4 30.Qxb4 Qxd3+ 31.Ka1 a5 32.Qc3 Qb5 33.Qc5 Qd3 34.Qe3 Qb5 35.Rc5 Qa4
36.Rxd5 exd5 37.e6 Nh6 38.e7 Re8 39.Qe6+ Kh8 40.Qxd5 Ng8 41.Qxf5 Nf6 42.h3
{#r} 1-0

[Event "It (open)"]
[Site "masterchessopen.com Hoogeveen (Netherlands)"]
[Date "2009.10.22"]
[Round "7"]
[White "Pijpers Arthur (NED)"]
[Black "Riemersma Liafbern (NED)"]
[Result "0-1"]
[WhiteElo "2192"]
[BlackElo "2431"]

1.e4 c5 2.Nf3 d6 3.d4 Nf6 4.Nc3 cxd4 5.Nxd4 Nc6 6.Bg5 e6 7.Qd2 Be7 8.O-O-O
Nxd4 9.Qxd4 O-O 10.f4 Qa5 11.Bc4 b5 12.Bxb5 Rb8 13.Bc4 h6 14.Bh4 e5 15.Qd2
exf4 16.Qxf4 g5 17.Qg3 Kh8 18.Nd5 Nxd5 19.Rxd5 Qb4 20.Bb3 gxh4 21.Qf4 Bg5
22.Rxg5 hxg5 23.Qxg5 Qxe4 24.Rf1 Be6 25.Qh6+ Kg8 26.Qg5+ Kh7 27.Qh5+ Kg7
28.Bxe6 fxe6 29.Qg5+ Qg6 30.Qe7+ Kg8 {#R} 0-1

[Event "Ch World (juniors) (under 16)"]
[Site "masterchessopen.com Kemer (Turkey)"]
[Date "2009.11.21"]
[Round "10"]
[White "Kanarek Marcel (POL)"]
[Black "Nikolashvili Giorgi N (GEO)"]
[Result "0-1"]
[WhiteElo "2422"]
[BlackElo "2186"]

1.e4 c5 2.Nf3 d6 3.d4 cxd4 4.Nxd4 Nf6 5.Nc3 Nc6 6.Bg5 e6 7.Qd2 Be7 8.O-O-O O-O
9.f4 Nxd4 10.Qxd4 Qa5 11.Kb1 h6 12.h4 Rd8 13.Be2 Bd7 14.Qe3 Rac8 15.Rd3 Bc6
16.Bf3 Qc5 17.Qe1 b5 18.e5 dxe5 19.fxe5 Rxd3 20.cxd3 Nd5 21.Bxd5 hxg5 22.hxg5
Bxg5 23.Bxc6 Qxc6 24.Qg3 Bd2 25.Qh2 Bh6 26.g4 b4 27.g5 bxc3 28.gxh6 cxb2 {#R}
0-1